000 00984cam a2200265 a 4500
001 000009186
005 20200929161519.0
008 920511s1991 sp a b 001 f spa
020 _a8478484388 (Obra completa)
020 _a8478484361 (t. 1)
020 _a847848437X (t. 2)
040 _aDO-SdBNP
_bspa
_cBNPHU
082 _a843.5
_bL622h
100 1 _aIsla, José Francisco de
_d1703-1781
_914104
245 1 0 _aHistoria de Gil Blas de Santullano /
_cLesage ; versión española del Padre Isla.
260 _aOviedo, España :
_bAyuntamiento de Oviedo ;
_bPentalfa Ediciones,
_c1991.
300 _a2 v. :
_bil. ;
_c21 cm.
490 1 _aBiblioteca del Helicón
_v1-2
504 _aIncluye bibliografía e índice.
505 0 _at. 1. Libros 1 al 6 -- t. 2. Libros 7 al 12.
650 4 _aNovela francesa
_ySIGLO XVII
_923857
650 4 _aLiteratura francesa
_ySIGLOXVII
_923858
700 1 2 _aLesage
_q(Alain-René Lesage),
_923859
830 0 _aBiblioteca del Helicón ;
_v1-2
_923860
999 _c8949
_d8949